Pedro Henríquez Ureña : (Record no. 20377)
[ view plain ]
| 000 -LEADER | |
|---|---|
| campo de control de longitud fija | 01426cam a2200325Ia 4500 |
| 001 - NÚMERO DE CONTROL | |
| campo de control | 56376 |
| 005 - FECHA Y HORA DE LA ÚLTIMA TRANSACCIÓN | |
| campo de control | 20230410103521.0 |
| 008 - DATOS DE LONGITUD FIJA--INFORMACIÓN GENERAL | |
| campo de control de longitud fija | 070927s2007 dr a 001 0 spa d |
| 035 ## - NÚMERO DE CONTROL DEL SISTEMA | |
| Número de control de sistema | (OCoLC)ocn224021294 |
| 020 ## - NÚMERO INTERNACIONAL ESTÁNDAR DEL LIBRO | |
| Número Internacional Estándar del Libro | 9945140000 |
| 020 ## - NÚMERO INTERNACIONAL ESTÁNDAR DEL LIBRO | |
| Número Internacional Estándar del Libro | 9789945140002 |
| 035 ## - NÚMERO DE CONTROL DEL SISTEMA | |
| Número de control de sistema | (OCoLC)224021294 |
| 050 14 - SIGNATURA TOPOGRÁFICA DE LA BIBLIOTECA DEL CONGRESO | |
| Número de clasificación | 118 PQ 7409 |
| Número de ítem | H519p 2007 |
| 082 00 - NÚMERO DE LA CLASIFICACIÓN DECIMAL DEWEY | |
| Número de clasificación | 864.5 |
| 100 1# - ENTRADA PRINCIPAL--NOMBRE DE PERSONA | |
| Nombre de persona | Henríquez Ureña, Pedro, |
| Fechas asociadas al nombre | 1884-1946. |
| 245 10 - MENCIÓN DEL TÍTULO | |
| Título | Pedro Henríquez Ureña : |
| Resto del título | antología hemerográfica de un humanista inolvidable / |
| Mención de responsabilidad, etc. | presentación, compilación y notas de Cándido Gerón. |
| 260 ## - PUBLICACIÓN, DISTRIBUCIÓN, ETC. | |
| Lugar de publicación, distribución, etc. | Santo Domingo : |
| Nombre del editor, distribuidor, etc. | Editora Centenario, |
| Fecha de publicación, distribución, etc. | [2007] |
| 300 ## - DESCRIPCIÓN FÍSICA | |
| Extensión | 483 p. : |
| Otras características físicas | ill. ; |
| Dimensiones | 23 cm. |
| 504 ## - NOTA DE BIBLIOGRAFÍA, ETC. | |
| Nota de bibliografía, etc. | Includes bibliographical references and index. |
| 505 0# - NOTA DE CONTENIDO CON FORMATO | |
| Nota de contenido con formato | Artículos, ensayos, poemas y traducción de Pedro Henríquez Ureña (1907-1933) -- Correspondencia de Pedro Henríquez Ureña (1915-1945) -- Artículos y ensayos sobre Pedro Henríquez Ureña (1946-1984). |
| 600 10 - PUNTO DE ACCESO ADICIONAL DE MATERIA--NOMBRE DE PERSONA | |
| Nombre de persona | Henríquez Ureña, Pedro, |
| Fechas asociadas al nombre | 1884-1946 |
| Subdivisión de forma | Correspondence. |
| 600 10 - PUNTO DE ACCESO ADICIONAL DE MATERIA--NOMBRE DE PERSONA | |
| Nombre de persona | Henríquez Ureña, Pedro, |
| Fechas asociadas al nombre | 1884-1946 |
| Subdivisión general | Criticism and interpretation. |
| 600 10 - PUNTO DE ACCESO ADICIONAL DE MATERIA--NOMBRE DE PERSONA | |
| Nombre de persona | Henriquez Urena, Pedro, |
| Subdivisión cronológica | 1884-1946 |
| Subdivisión general | Correspondencia, memorias, etc. |
| 650 #4 - PUNTO DE ACCESO ADICIONAL DE MATERIA--TÉRMINO DE MATERIA | |
| Término de materia o nombre geográfico como elemento de entrada | Ensayos dominicanos |
| 700 1# - ENTRADA AGREGADA--NOMBRE PERSONAL | |
| Nombre de persona | Gerón, Cándido, |
| Fechas asociadas al nombre | 1950- |
| 856 42 - LOCALIZACIÓN Y ACCESO ELECTRÓNICOS | |
| Materiales especificados | Más?... busque en WorldCat (solo desde FUNGLODE) |
| Identificador Uniforme de Recursos | <a href="www.firstsearch.oclc.org/fsip">www.firstsearch.oclc.org/fsip</a> |
| 942 ## - ELEMENTOS DE ENTRADA SECUNDARIOS (KOHA) | |
| Fuente del sistema de clasificación o colocación | Clasificación de Library of Congress |
| Tipo de ítem Koha | |
| 946 ## - PROCESAMIENTO DE INFORMACIÓN LOCAL (OCLC) | |
| a | mfcruz |
| 994 ## - | |
| -- | C0 |
| -- | DRFGD |
| Estatus retirado | Estado de pérdida | Fuente del sistema de clasificación o colocación | Estado de daño | No para préstamo | Colección | Biblioteca de origen | Biblioteca actual | Ubicación en estantería | Fecha de adquisición | Serial enumeration / chronology | Signatura topográfica completa | Código de barras | Visto por última vez | Copia número | Tipo de ítem Koha |
|---|---|---|---|---|---|---|---|---|---|---|---|---|---|---|---|
| Clasificación de Library of Congress | Recursos Regionales | Biblioteca Juan Bosch | Biblioteca Juan Bosch | Recursos Regionales (2do. Piso) | 10/04/2023 | 1 | 118 PQ 7409 H519p 2007 | 00000057733 | 23/10/2018 | 1 |
